[Event "ROM-ch U12"]
[Site "Calimanesti"]
[Date "2014.04.13"]
[Round "9"]
[White "Dragoescu, Gheorghe Octavian"]
[Black "Cristea, Aurelian Gabriel"]
[Result "1/2-1/2"]
[WhiteElo "1138"]
[BlackElo "1119"]
[PlyCount "39"]
[EventDate "2014.04.06"]
[EventType "swiss"]
[EventRounds "9"]
[EventCountry "ROU"]
[SourceTitle "CBM 160 Extra"]
[Source "ChessBase"]
[SourceDate "2014.07.01"]
[SourceVersion "1"]
[SourceVersionDate "2014.07.01"]
[SourceQuality "1"]

1. e4 e6 2. d4 d5 3. e5 c5 4. c3 Nc6 5. Nf3 Qb6 6. Be2 cxd4 7. cxd4 f6 8. Nc3 fxe5 9. Nxe5 Qxd4 10. Qxd4 Nxd4 11. 0-0 Nxe2+ 12. Nxe2 Bd6 13. Nf3 Nf6 14. Re1 0-0 15. Ned4 Re8 16. Bg5 Bd7 17. Ne5 Bxe5 18. Rxe5 Rac8 19. Rae1 Kf7 20. f3 1/2-1/2

[Event "ROM-ch U12"]
[Site "Calimanesti"]
[Date "2014.04.06"]
[Round "1"]
[White "Dragoescu, Gheorghe Octavian"]
[Black "Nechita, Vlad Mihai"]
[Result "0-1"]
[WhiteElo "1138"]
[BlackElo "1641"]
[PlyCount "57"]
[EventDate "2014.04.06"]
[EventType "swiss"]
[EventRounds "9"]
[EventCountry "ROU"]
[SourceTitle "CBM 160 Extra"]
[Source "ChessBase"]
[SourceDate "2014.07.01"]
[SourceVersion "1"]
[SourceVersionDate "2014.07.01"]
[SourceQuality "1"]

1. e4 e5 2. Nf3 Nc6 3. Nc3 Nf6 4. Bb5 d6 5. 0-0 Bd7 6. d3 Be7 7. Be3 0-0 8. Qd2 Ng4 9. h3 Nxe3 10. Qxe3 a6 11. Bxc6 Bxc6 12. Nd5 f5 13. c4 Bd7 14. Rac1 fxe4 15. dxe4 b6 16. b4 a5 17. b5 Be6 18. Nxe7+ Qxe7 19. Ng5 Rf4 20. g3 Rf6 21. f4 exf4 22. gxf4 Raf8 23. f5 Bxf5 24. exf5 Qxe3+ 25. Kh2 Qxg5 26. Rg1 Qxf5 27. Rg2 Qf4+ 28. Kh1 Qxc1+ 29. Kh2 0-1